00884njm a2200265Ia 450000100060000000300090000600500170001500800410003204000130007304000130008604100120009910000180011110000180012910000370014724500220018425000110020626000090021726000630022630000170028930000290030650000150033550501600035065000470051070000610055725801IT-RoPAU20220918181129.0131025s9999 xx 000 0 und d aIT-RoPAU cIT-RoPAU aINGLESE aDepeche Mode  eAutore musica gCodice autore musica SPICS: 1252 aSome Great Reward a1a ed. aROMA bSPICS RECORDSc1984 [1a Ed.:1984 - Ed. Lingua Orig.: 1984] aMUSICASSETTA c40 minuti (Testo: pag.) aMusica pop aSomething To Do - Lie To Me - People Are People - It Doesn't Matter - Stories of Old - Somebody - Master and Servant - If You Want To - Blasphemous Rumours aPOP [CASSETTE]eCodice MATERIA SPICS: 9951 aDepeche Mode gCodice interprete SPICS: 1252eInterprete